000 00727nam a2200181Ia 4500
008 151202s9999||||xx |||||||||||||| ||und||
082 _bPNVM-55627
100 _aचेस जे. हॅ.अनु.गुजर अनिल.
245 _aकिस्सा एका रात्रीचा.
260 _b"मनोरंजन प्रकाशन,मुंबई."
260 _c1978
300 _a167
600 _aचेस जे. हॅ.अनु.गुजर अनिल.
630 _aकिस्सा एका रात्रीचा.
700 _aचेस जे. हॅ.अनु.गुजर अनिल.
730 _aकिस्सा एका रात्रीचा.
942 _cBOOK
999 _c1322165
_d1322162